| Tag |
First Indicator |
Second Indicator |
Subfields |
| LEADER |
00000cam a2200000 a 4500 |
| 001 |
in00000837021 |
| 005 |
20151019054922.0 |
| 008 |
840420s1982 dcu f00000 eng d |
| 010 |
|
|
|a gp 84015602
|
| 035 |
|
|
|a (OCoLC)10671978
|
| 035 |
|
|
|9 AEA9317AM
|
| 040 |
|
|
|a GPO
|c GPO
|d UtOrBLW
|
| 043 |
|
|
|a e-ur---
|
| 074 |
|
|
|a 869-B-1
|
| 086 |
0 |
|
|a S 1.126/3:C 73
|
| 245 |
0 |
0 |
|a Communist clandestine broadcasting.
|
| 264 |
|
1 |
|a Washington, D.C. :
|b U.S. Dept. of State,
|c [1982]
|
| 300 |
|
|
|a 6 pages ;
|c 28 cm.
|
| 336 |
|
|
|a text
|b txt
|2 rdacontent
|
| 337 |
|
|
|a unmediated
|b n
|2 rdamedia
|
| 338 |
|
|
|a volume
|b nc
|2 rdacarrier
|
| 490 |
1 |
|
|a Foreign affairs note
|
| 500 |
|
|
|a Caption title.
|
| 500 |
|
|
|a "An informal research study for background information."
|
| 500 |
|
|
|a "December 1982."
|
| 650 |
|
0 |
|a Propaganda, Communist
|z Soviet Union.
|
| 650 |
|
0 |
|a Radio broadcasting
|z Soviet Union.
|
| 710 |
1 |
|
|a United States.
|b Department of State.
|
| 830 |
|
0 |
|a Foreign affairs note.
|
| 999 |
|
|
|a MARS
|
| 999 |
f |
f |
|s 67caccb8-8744-3ae2-bbeb-96ccbff7afcd
|i 4ae42750-0520-3794-b458-a90372ca3a6d
|t 0
|
| 952 |
f |
f |
|p normal
|a Texas A&M University
|b College Station
|c Sterling C. Evans Library
|d Evans: US Documents (Annex 5th floor)
|t 0
|e S 1.126/3:C 73
|h Superintendent of Documents classification
|i unmediated -- volume
|m A14817833461
|
| 998 |
f |
f |
|a S 1.126/3:C 73
|t 0
|l Evans: US Documents (Annex 5th floor)
|